|
|
|
|
| LEADER |
00000cam a2200000 i 4500 |
| 001 |
1/56321 |
| 008 |
040528s2001 gre d |
| 020 |
|
|
|a 960-286-628-4
|
| 035 |
|
|
|l 10073582
|
| 040 |
|
|
|a GR-MY-UA
|b gre
|e aacr
|
| 041 |
0 |
|
|a gre
|
| 082 |
0 |
|
|a 338.4791
|
| 100 |
1 |
|
|a Κολτσιδόπουλος, Γεώργιος Δημ.
|
| 245 |
1 |
0 |
|a Τουριστική γεωγραφία :
|b ελληνική και παγκόσμια /
|c Γ. Κολτσιδόπουλος, L. Hudman, R. Jackson ; επιμέλεια: Μαριάννα Ζαρογιάννη, μετάφραση: Γ. Καλκάνης και Γ. Χατήρης.
|
| 260 |
|
|
|a Αθήνα :
|b Ελλην,
|c c2001.
|
| 300 |
|
|
|a 287 σ.:
|b εικ.;
|c 30 εκ.
|
| 504 |
|
|
|a Περιλαμβάνει βιβλιογραφία και ευρετήριο.
|
| 650 |
0 |
0 |
|a Tourism.
|
| 650 |
0 |
0 |
|a Tourism
|x Geography.
|
| 650 |
0 |
0 |
|a Travel.
|
| 700 |
1 |
|
|a Hudman, Lloyd E.
|
| 700 |
1 |
|
|a Jackson, Richard H.,
|d 1941-
|
| 700 |
1 |
|
|a Ζαρογιάννη, Μαριάνα.
|4 edt
|
| 700 |
1 |
|
|a Καλκάνης, Γεώργιος Θεοφ.
|4 trl
|
| 700 |
1 |
|
|a Χατήρης, Γιάννης.
|4 trl
|
| 852 |
|
|
|a INST
|b CHIOS
|e 20040528
|h 338.4791 ΚΟΛ
|p 005200023239
|q 005200023239
|t BK
|y 0
|
| 901 |
|
|
|a BIBL2-2003-3
|
| 909 |
|
|
|a Χ
|b 108857
|
| 970 |
|
|
|a ΣΠΕΝΤΖΑ
|b ΕΛΕΝΗ
|z 2003/12/08
|